Sustainability Certifications, Labels and Tools in the Built Environment (Record no. 43752)
[ view plain ]
| 001 - CONTROL NUMBER | |
|---|---|
| control field | 0000 |
| 003 - CONTROL NUMBER IDENTIFIER | |
| control field | oooo |
| 005 - DATE AND TIME OF LATEST TRANSACTION | |
| control field | 20251014134126.0 |
| 020 ## - INTERNATIONAL STANDARD BOOK NUMBER | |
| International Standard Book Number | 9781032705132 |
| 040 ## - CATALOGING SOURCE | |
| Description conventions | rda |
| 050 ## - LIBRARY OF CONGRESS CALL NUMBER | |
| Classification number | TJ 163.5 .B84 .S87 |
| 100 ## - MAIN ENTRY--PERSONAL NAME | |
| Personal name | Asdrubali, Francesco (editor) |
| 245 ## - TITLE STATEMENT | |
| Title | Sustainability Certifications, Labels and Tools in the Built Environment |
| Remainder of title | How to evaluate, certificate and reduce the energy and environmental impacts of buildings |
| Statement of responsibility, etc | edited by Francesco Asdrubali and Umberto Berardi |
| 264 ## - PUBLICATION, DISTRIBUTION, ETC. (IMPRINT) | |
| Place of publication, distribution, etc | London |
| Name of publisher, distributor, etc | Routledge |
| Date of publication, distribution, etc | 2026 |
| 300 ## - PHYSICAL DESCRIPTION | |
| Extent | xxi, 271p.ill |
| 336 ## - CONTENT TYPE | |
| Source | rdacontent |
| 338 ## - CARRIER TYPE | |
| Source | rdacarrier |
| 504 ## - BIBLIOGRAPHY, ETC. NOTE | |
| Bibliography, etc | Includes bibliographical references and index |
| 650 ## - SUBJECT ADDED ENTRY--TOPICAL TERM | |
| Source of heading or term | Renewable energy sources |
| Topical term or geographic name as entry element | Buildings |
| General subdivision | Energy conservation |
| 942 ## - ADDED ENTRY ELEMENTS (KOHA) | |
| Source of classification or shelving scheme | Library of Congress Classification |
| Koha item type | Books |
| Withdrawn status | Lost status | Source of classification or shelving scheme | Damaged status | Not for loan | Permanent Location | Current Location | Date acquired | Total Checkouts | Full call number | Barcode | Date last seen | Price effective from | Koha item type |
|---|---|---|---|---|---|---|---|---|---|---|---|---|---|
| Library of Congress Classification | NILE UNIVERSITY OF NIGERIA - MAIN LIBRARY | NILE UNIVERSITY OF NIGERIA - MAIN LIBRARY | 10/14/2025 | TJ 163.5 .B84 .S87 2026 | 0199299 | 10/14/2025 | 10/14/2025 | Books | |||||
| Library of Congress Classification | NILE UNIVERSITY OF NIGERIA - MAIN LIBRARY | NILE UNIVERSITY OF NIGERIA - MAIN LIBRARY | 10/14/2025 | TJ 163.5 .B84 .S87 2026 | 0199300 | 10/14/2025 | 10/14/2025 | Books |